000 00957nas a2200313 4500
001 BR2014005088
003 BR-BrBNA
005 20231205124358.0
007 ta
008 230509b bl.|||p| |||| 00| 00por d
040 _aBR-BrBNA
_bpor
_cBiblioteca Nacional de Agricultura
041 _a(Pt)
072 _aF30
100 1 _aPereira, T.B.
100 1 _aCarvalho, J.P.F.
100 1 _aBotelho, C.E.
100 1 _aResende, M.D.V.
100 1 _aRezende, J.C. de
100 1 _aMendes, A.N.G.
245 1 _aEficiência da seleção de progênies de café F4 pela metodologia de modelos mistos (REML/BLUP)
650 _aCAFÉ
650 _aPROGÊNIE
650 _aSELEÇÃO
650 _aCARACTERÍSTICAS AGRONÔMICAS
773 0 _tBragantia (Brazil)
_xISSN 1678-4499
_g(2013), v. 72(3) p. 230-236
_wBR2014005088
856 4 0 _uhttp://www.scielo.br/pdf/brag/v72n3/05.pdf
909 _a202311
_bLúcia
_c55
_dLúcia Elande
942 _2AGRIS
_n0
_cANA
999 _c238769
_d238769